[Event "Offene Hessische Senioren Einzelmeisters"]
[Site "Bad Sooden- Allendorf"]
[Date "2011.05.01"]
[Round "2.90"]
[White "Thormann, Werner"]
[Black "Fister, Horst-Lothar"]
[Result "1-0"]
[WhiteElo "1636"]
[BlackElo "1669"]
[PlyCount "47"]
[EventDate "2011.??.??"]

1. d4 e5 2. d5 Bc5 3. e4 d6 4. Nf3 Nf6 5. Bg5 h6 6. Bxf6 Qxf6 7. Be2 Nd7 8. O-O
O-O 9. Nbd2 a6 10. c3 Qd8 11. b4 Ba7 12. Qc2 Nf6 13. a4 Bd7 14. Nb3 b5 15. axb5
Bxb5 16. c4 Bd7 17. c5 Bb5 18. Bxb5 axb5 19. Na5 Qc8 20. Nc6 Qb7 21. Ra5 Bb8
22. Ne7+ Kh7 23. c6 Qb6 24. Rxa8 1-0

[Event "Offene Hessische Senioren Einzelmeisters"]
[Site "Bad Sooden- Allendorf"]
[Date "2011.05.01"]
[Round "2.91"]
[White "Helm, Irmgard"]
[Black "Papenkordt, Karl-Hermann"]
[Result "0-1"]
[WhiteElo "1714"]
[BlackElo "1906"]
[PlyCount "68"]
[EventDate "2011.??.??"]

1. d4 Nf6 2. c4 g6 3. Nc3 Bg7 4. Nf3 d6 5. e4 O-O 6. Be2 e5 7. d5 a5 8. Bg5
Nbd7 9. h4 h6 10. Be3 Ng4 11. Bd2 c6 12. h5 g5 13. Nh2 Ngf6 14. Bf3 Nc5 15. Qc2
Bd7 16. Ne2 g4 17. Nxg4 Nxg4 18. Ng3 Qb6 19. O-O-O Nxf2 20. Be3 Nxd1 21. Rxd1
Qb4 22. Nf5 Bxf5 23. exf5 e4 24. Bd2 Nd3+ 25. Kb1 Qxb2+ 26. Qxb2 Bxb2 27. Bxe4
Nf2 28. Rf1 Nxe4 29. Bxh6 Bg7 30. Bxg7 Kxg7 31. Re1 Rfe8 32. Kc2 cxd5 33. cxd5
Rac8+ 34. Kb2 Rc5 0-1

[Event "Offene Hessische Senioren Einzelmeisters"]
[Site "Bad Sooden- Allendorf"]
[Date "2011.05.01"]
[Round "2.92"]
[White "Schmieder, Wolfgang"]
[Black "Henniges, Erhard"]
[Result "1-0"]
[WhiteElo "1868"]
[BlackElo "1682"]
[PlyCount "49"]
[EventDate "2011.??.??"]

1. c4 e5 2. Nc3 Nf6 3. Nf3 Nc6 4. d4 exd4 5. Nxd4 Nxd4 6. Qxd4 c5 7. Qd1 Be7 8.
g3 O-O 9. Bg2 Rb8 10. O-O b6 11. e4 d6 12. Qc2 Be6 13. b3 Qc8 14. Bb2 Bh3 15.
Nd5 Nxd5 16. exd5 Bxg2 17. Kxg2 Qg4 18. Rae1 Rbe8 19. Re4 Qg6 20. Rfe1 f6 21.
Qe2 Bd8 $11 22. Rxe8 Rxe8 23. Qxe8+ Qxe8 24. Rxe8+ Kf7 25. Rxd8 1-0

[Event "Offene Hessische Senioren Einzelmeisters"]
[Site "Bad Sooden- Allendorf"]
[Date "2011.05.01"]
[Round "2.93"]
[White "Semisch, Helga"]
[Black "Simon, Götz-Jochen"]
[Result "0-1"]
[WhiteElo "1609"]
[BlackElo "1862"]
[PlyCount "46"]
[EventDate "2011.??.??"]

1. d4 Nf6 2. e3 d5 3. Bd3 c5 4. b3 e6 5. Nd2 Nc6 6. c3 Bd7 7. Ne2 Rc8 8. O-O
cxd4 9. cxd4 Bd6 10. h3 e5 11. f3 exd4 12. exd4 O-O 13. Bb2 Re8 14. a3 Re3 15.
Bc2 Qe7 16. Re1 Re8 17. Kf2 Nh5 18. Nf1 Rxf3+ 19. gxf3 Qh4+ 20. Nfg3 Bxg3+ 21.
Kg1 Bf2+ 22. Kg2 Bxh3+ 23. Kh2 Bf1# 0-1

[Event "Offene Hessische Senioren Einzelmeisters"]
[Site "Bad Sooden- Allendorf"]
[Date "2011.05.01"]
[Round "2.94"]
[White "Rüggeberg, Wilhelm"]
[Black "Wernitz, Armin"]
[Result "1-0"]
[WhiteElo "1918"]
[BlackElo "1598"]
[PlyCount "105"]
[EventDate "2011.??.??"]

1. d4 d5 2. c4 c6 3. Nc3 Nf6 4. Nf3 g6 5. Bg5 Bg7 6. Qd2 h6 7. Bxf6 exf6 8.
cxd5 cxd5 9. e3 a6 10. Bd3 O-O 11. h3 b5 12. O-O Bb7 13. Rac1 Nc6 14. Bb1 Rc8
15. Rfd1 Re8 16. Ne1 f5 17. Nd3 Qd7 18. Nc5 Qc7 19. Nxd5 Qb8 20. Nxb7 Qxb7 21.
Nf4 Ne7 22. a3 Qd7 23. Ba2 Bf6 24. Nd3 Kg7 25. Rc5 Rxc5 26. Nxc5 Qd6 27. Qd3
Rc8 28. Qb3 Rf8 29. a4 Qc6 30. axb5 axb5 31. Rc1 Qe8 32. Nd3 Nc8 33. Nf4 Nd6
34. Rc5 Bd8 35. Nd5 g5 36. Qb4 Kg6 37. Bb1 Kg7 38. Bd3 f4 39. Bxb5 Qe4 40. Bf1
fxe3 41. Nxe3 f5 42. Re5 Qc6 43. Qc5 Qd7 44. Rd5 Bc7 45. Nc4 Rf6 46. Nxd6 Bxd6
47. Qb5 Qe7 48. Rxf5 Re6 49. Rd5 Rf6 50. Qd3 Qe1 51. Qe2 Qb4 52. Qc2 Qe1 53.
Rxd6 1-0

[Event "Offene Hessische Senioren Einzelmeisters"]
[Site "Bad Sooden- Allendorf"]
[Date "2011.05.01"]
[Round "2.95"]
[White "Gröner, Marga"]
[Black "Alefs, Heinz"]
[Result "0-1"]
[WhiteElo "1480"]
[BlackElo "1839"]
[PlyCount "90"]
[EventDate "2011.??.??"]

1. d4 Nf6 2. Nd2 e6 3. e3 c5 4. c3 d5 5. Bd3 Bd7 6. Ngf3 Nc6 7. O-O c4 8. Bc2
Bd6 9. e4 dxe4 10. Nxe4 Nxe4 11. Bxe4 f5 12. Bc2 O-O 13. Re1 Ne7 14. Ne5 Bxe5
15. Rxe5 Ng6 16. Re2 Qh4 17. g3 Qf6 18. Qe1 Rae8 19. f4 Bc6 20. Qf1 h5 21. Rf2
b5 22. a3 h4 23. Bd1 Kf7 24. Bf3 Bd5 25. Bxd5 exd5 26. Bd2 Re4 27. Re1 Rfe8 28.
Rxe4 Rxe4 29. Re2 Ne7 30. Rxe4 dxe4 31. Qh3 hxg3 32. hxg3 Nd5 33. Qh5+ Qg6 34.
Qxg6+ Kxg6 35. Kf2 Kh5 36. Ke2 Kg4 37. Be1 a6 38. Kf2 Kh3 39. Ke2 Kg2 40. Bf2
a5 41. Be1 e3 42. Kd1 Kf1 43. b4 a4 44. g4 g6 45. gxf5 gxf5 0-1

[Event "Offene Hessische Senioren Einzelmeisters"]
[Site "Bad Sooden- Allendorf"]
[Date "2011.05.01"]
[Round "2.96"]
[White "Krüger, Bernhard"]
[Black "Nols, Uwe"]
[Result "1-0"]
[WhiteElo "1789"]
[BlackElo "1229"]
[PlyCount "93"]
[EventDate "2011.??.??"]

1. c4 e5 2. Nc3 Nf6 3. g3 Nc6 4. Bg2 Bc5 5. e3 a6 6. a3 d6 7. b4 Ba7 8. Qc2 O-O
9. Nge2 Rb8 10. O-O Ne7 11. d4 exd4 12. exd4 Nf5 13. Qd3 c5 14. d5 b5 15. cxb5
axb5 16. Nxb5 Ba6 17. a4 Ne7 18. Be3 Nd7 19. Qd2 Bxb5 20. axb5 Bb6 21. Rfc1 Nf5
22. Bf4 cxb4 23. Qxb4 Bc5 24. Qb1 Qb6 25. Qxf5 Bxf2+ 26. Kh1 Nf6 27. Bg5 Be3
28. Bxe3 Qxe3 29. Qf3 Qb6 30. Rab1 Nd7 31. Rc6 Qa7 32. Rbc1 Ne5 33. Qc3 Ng4 34.
Qd4 Qd7 35. h3 Ne5 36. b6 Qe8 37. Re1 Rb7 38. Nf4 Qd8 39. Rec1 Nd7 40. Nh5 f6
41. Nf4 Re8 42. Ne6 Qb8 43. Qg4 Re7 44. Nd4 Rxb6 45. Rxb6 Qxb6 46. Rc8+ Kf7 47.
Qh5+ 1-0

[Event "Offene Hessische Senioren Einzelmeisters"]
[Site "Bad Sooden- Allendorf"]
[Date "2011.05.01"]
[Round "2.97"]
[White "Strozewski, Günter"]
[Black "Dirks, Rainer"]
[Result "1-0"]
[WhiteElo "1865"]
[BlackElo "1610"]
[PlyCount "53"]
[EventDate "2011.??.??"]

1. e4 e5 2. Nf3 Nf6 3. Nc3 d5 4. exd5 Nxd5 5. Bc4 Nxc3 6. bxc3 Bg4 7. Bxf7+
Kxf7 8. Nxe5+ Ke8 9. Qxg4 Qe7 10. Qc8+ Qd8 11. Qxb7 Nd7 12. Nxd7 Kxd7 13. O-O
Bd6 14. Qf3 Qg5 15. Qh3+ Kc6 16. d4 Qa5 17. c4 Bb4 18. Qf3+ Kd7 19. Qf7+ Kc6
20. d5+ Kb7 21. Rb1 Raf8 22. Qd7 Kb8 23. Bd2 c5 24. c3 Qxa2 25. cxb4 Qa6 26.
bxc5+ Ka8 27. c6 1-0

[Event "Offene Hessische Senioren Einzelmeisters"]
[Site "Bad Sooden- Allendorf"]
[Date "2011.05.01"]
[Round "2.98"]
[White "Gelzinnus, Siegfried"]
[Black "Kaldune, Helmut"]
[Result "1-0"]
[WhiteElo "1821"]
[BlackElo "1535"]
[PlyCount "83"]
[EventDate "2011.??.??"]

1. e4 c5 2. Nc3 d6 3. g3 Nf6 4. Bg2 e5 5. d3 h6 6. Nge2 Be7 7. O-O O-O 8. a3
Bg4 9. Qe1 Qd7 10. f4 Nc6 11. f5 Bxe2 12. Nxe2 Nd4 13. Qd2 Rac8 14. Rb1 Qa4 15.
b3 Qc6 16. c3 Nxe2+ 17. Qxe2 b5 18. c4 a6 19. g4 Rb8 20. g5 hxg5 21. Bxg5 bxc4
22. dxc4 Rb7 23. Bxf6 Bxf6 24. Rf3 Rfb8 25. Rh3 Kf8 26. Qd2 a5 27. Qxa5 Bd8 28.
Qd2 Qa6 29. Bf1 Bc7 30. Rh8+ Ke7 31. Qg5+ Kd7 32. Rxb8 Rxb8 33. Qxg7 Qxa3 34.
Qxf7+ Kc6 35. Qd5+ Kd7 36. Qd1 Rg8+ 37. Kf2 Qa2+ 38. Be2 Rh8 39. Kg3 Bd8 40.
Ra1 Bh4+ 41. Kf3 Qxb3+ 42. Qxb3 1-0

[Event "Offene Hessische Senioren Einzelmeisters"]
[Site "Bad Sooden- Allendorf"]
[Date "2011.05.01"]
[Round "2.99"]
[White "Bartl, Birgit"]
[Black "van Vorselen, Theo"]
[Result "0-1"]
[WhiteElo "1511"]
[BlackElo "1858"]
[PlyCount "111"]
[EventDate "2011.??.??"]

1. e4 c5 2. Nc3 e6 3. g3 d5 4. exd5 exd5 5. Bg2 Nf6 6. d3 Be7 7. Nf3 O-O 8. O-O
h6 9. Re1 Be6 10. d4 Qb6 11. Ne2 Nc6 12. c3 Rac8 13. Rb1 Bf5 14. Ra1 Rfe8 15.
b3 Be4 16. Be3 Ng4 17. Rc1 Nxe3 18. fxe3 Bf6 19. Nf4 g6 20. Qd2 Re7 21. Nd3
cxd4 22. cxd4 Bxd3 23. Qxd3 Rce8 24. a3 Na5 25. Rb1 Qd6 26. a4 Nc6 27. Qd2 Rc7
28. Rbc1 Rec8 29. Bh3 Re8 30. Bf1 a6 31. Kf2 Kg7 32. Bd3 Rec8 33. Kg2 Qb4 34.
Rc3 Qa5 35. Rec1 Be7 36. Qe2 Bb4 37. R3c2 Ba3 38. Rd1 Nb4 39. Rxc7 Qxc7 40. Ne5
Qc3 41. Qf2 Rc7 42. Qf1 Qxb3 43. h4 Nxd3 44. Nxd3 Qxa4 45. Nf4 Qd7 46. Qe2 Qf5
47. Qd3 Rc2+ 48. Kg1 Qxd3 49. Rxd3 Bd6 50. Rd1 Bxf4 51. gxf4 Re2 52. Rd3 Kf6
53. Rc3 Kf5 54. Ra3 b5 55. Rxa6 b4 56. Rb6 0-1

[Event "Offene Hessische Senioren Einzelmeisters"]
[Site "Bad Sooden- Allendorf"]
[Date "2011.05.01"]
[Round "2.100"]
[White "Burkardt, Robert"]
[Black "Rollwitz, Inge"]
[Result "1-0"]
[WhiteElo "1834"]
[BlackElo "1476"]
[PlyCount "43"]
[EventDate "2011.??.??"]

1. e4 d6 2. f4 c5 3. Bc4 Nf6 4. Nc3 g6 5. Nf3 Bg7 6. d3 O-O 7. O-O Nc6 8. Rb1
a6 9. a4 Bg4 10. h3 Bxf3 11. Rxf3 e5 12. f5 Kh8 13. Bg5 Qd7 14. Bxf6 Bxf6 15.
Nd5 Bg7 16. Nb6 Qc7 17. Nxa8 Rxa8 18. fxg6 fxg6 19. Rf7 Ne7 20. Qf3 Re8 21.
Rxg7 Qd8 22. Qf7 1-0

[Event "Offene Hessische Senioren Einzelmeisters"]
[Site "Bad Sooden- Allendorf"]
[Date "2011.05.01"]
[Round "2.101"]
[White "Jobski, Werner"]
[Black "Ludwig, Egbert"]
[Result "1-0"]
[WhiteElo "1860"]
[BlackElo "1490"]
[PlyCount "119"]
[EventDate "2011.??.??"]

1. e4 e6 2. d4 d5 3. e5 c5 4. Nf3 Nc6 5. c3 Qb6 6. Be2 cxd4 7. cxd4 Bb4+ 8. Nc3
Bd7 9. O-O Be7 10. Na4 Qc7 11. Be3 f6 12. Rc1 Rc8 13. Nc5 Bxc5 14. Rxc5 b6 15.
Rc3 Qb8 16. Ba6 Rc7 17. a3 f5 18. Bb5 Nge7 19. Ng5 O-O 20. Qh5 h6 21. Nh3 Qe8
22. Qe2 Qg6 23. Nf4 Qf7 24. Rfc1 g5 25. Nh5 Bc8 26. Nf6+ Kg7 27. Bxc6 Nxc6 28.
Rxc6 Rxc6 29. Rxc6 Bb7 30. Rc3 Rc8 31. Rxc8 Bxc8 32. Qc2 Ba6 33. g4 f4 34. Qh7+
Kf8 35. Qxh6+ Ke7 36. Qxg5 fxe3 37. Nxd5+ Kd7 38. Nf6+ Kc6 39. Qxe3 Qg6 40.
Qf3+ Kc7 41. Qc3+ Kb7 42. Qf3+ Kc7 43. Qe4 Qh6 44. Qe3 Qg6 45. Qe4 Qh6 46. Qh7+
Qxh7 47. Nxh7 Kd7 48. f4 Bd3 49. Nf6+ Ke7 50. Kf2 Bg6 51. h4 Bc2 52. Ke3 b5 53.
d5 exd5 54. Nxd5+ Ke6 55. Nc7+ Kf7 56. Nxb5 a6 57. Nd4 Ba4 58. f5 a5 59. Kf4
Bd1 60. Kg5 1-0

[Event "Offene Hessische Senioren Einzelmeisters"]
[Site "Bad Sooden- Allendorf"]
[Date "2011.05.01"]
[Round "2.102"]
[White "Bill, Eugen"]
[Black "Graffenberger, Marianne"]
[Result "1-0"]
[WhiteElo "1873"]
[BlackElo "1483"]
[PlyCount "100"]
[EventDate "2011.??.??"]

1. d4 d5 2. c4 Nf6 3. Nc3 c6 4. cxd5 Nxd5 5. e4 Nf6 6. Bg5 Qa5 7. Bxf6 exf6 8.
a3 Qc7 9. Rc1 Qd8 10. Bc4 Be7 11. Nf3 O-O 12. O-O Bg4 13. d5 Bd6 14. b4 b5 15.
Be2 a6 16. dxc6 Nxc6 17. Nd5 Rc8 18. Ne3 Be6 19. Qd2 Qe7 20. Rc3 Rfd8 21. Qc2
Ne5 22. Rc1 Rxc3 23. Qxc3 Nxf3+ 24. Bxf3 Rc8 25. Qxc8+ Bxc8 26. Rxc8+ Qf8 27.
Rxf8+ Kxf8 28. Nd5 Ke8 29. Kf1 Kd7 30. Ke2 Be5 31. Bg4+ Kd6 32. Ne3 g6 33. Bc8
Bb2 34. Nc2 Kc6 35. Bxa6 Kb6 36. Bc8 Kc7 37. Bg4 h5 38. Bf3 h4 39. Ke3 Be5 40.
g3 hxg3 41. hxg3 Bb2 42. Be2 Kb6 43. f4 Bc1+ 44. Kd4 Bb2+ 45. Kd5 Bc3 46. Nd4
Bxd4 47. Kxd4 Kc6 48. e5 f5 49. g4 fxg4 50. Bxg4 Kb6 1-0

[Event "Offene Hessische Senioren Einzelmeisters"]
[Site "Bad Sooden- Allendorf"]
[Date "2011.05.01"]
[Round "2.84"]
[White "Juckschat, Paul"]
[Black "Donner, Ernst"]
[Result "1-0"]
[WhiteElo "1926"]
[BlackElo "1648"]
[PlyCount "77"]
[EventDate "2011.??.??"]

1. d4 d6 2. e4 g6 3. Nc3 Bg7 4. Be3 c6 5. Bd3 Nd7 6. Nge2 Qc7 7. Qd2 e5 8. O-O
Ngf6 9. Bh6 O-O 10. Bxg7 Kxg7 11. h3 Qb6 12. Na4 Qd8 13. c4 a6 14. Nac3 b5 15.
a3 Bb7 16. cxb5 axb5 17. Bc2 Qb6 18. Kh2 Ra7 19. f3 Rfa8 20. Na2 Qc7 21. dxe5
dxe5 22. Rfd1 Rd8 23. Qe3 Raa8 24. Nec3 Qb6 25. Qxb6 Nxb6 26. Bb3 Rd4 27. Ne2
Rdd8 28. Rac1 Rac8 29. Nec3 Rd4 30. Ne2 Rdd8 31. Nac3 Nbd7 32. Bc2 Nb6 33. Bb3
Nbd7 34. Kg3 Nc5 35. Kf2 Ncd7 36. g4 h6 37. h4 Nb6 38. Bc2 Nfd7 39. Bb3 1-0